000 01086cam a2200289 4500
008 020927n2003 000 0 eng u
020 _a1405100044
035 _a(Sirsi) u119887
041 _aeng
050 _a720
_c21
245 _aBuildings, culture and the environment
_binforming local and global practices
260 _aOxford
_bBlackwell
_c2003
300 _axii, 404p.
_c25cm
350 _a65
520 _aAddresses the role of regional culture in the exchange and adaption of environmental practices and standards in the built environment. Examines the issues of translating a global design solution into local cultural practices from different perspectives.
650 _aARCHITECTURE
650 _aBUILT ENVIRONMENT-CONSTRUCTION DESIGN
650 _aSUSTAINABLE DEVELOPMENT
650 _aSUSTAINABLE BUILDINGS
650 _aENVIRONMENTAL ISSUES
650 _aCULTURAL HERITAGE
650 _aREGIONAL DIFFERENCES
690 _aBUILT ENVIRONMENT-CONSTRUCTION DESIGN
700 _aCole, Raymond
_xEditor
700 _aLorch, Richard
_xEditor
942 _n0
999 _c102429
_d102429